000 01035nam a22003257a 4500
001 6458
003 FISKH
005 20250828105034.0
008 250506b cb ||||| |||| 00| 0 eng d
020 _a9780439578110
020 _a9780763648572
040 _aDLC
_cDLC
_dDLC
_beng
050 _a PZ7.M1487 J
082 _a813.54
100 1 _aMcDonald, Megan.
_d(1959-)
245 1 0 _aJudy Moody predicts the future /
_cMegan McDonald ; illustrated by Peter Reynolds.
250 _aThis edition first published in 2003
260 _aNew York :
_bScholastic,
_c2003
300 _a144 pages :
_billustrations ;
_c20 cm
505 _aJ
520 _aAfter Judy obtains a mood ring, she tries to convince herself and her third-grade classmates that she can predict the future.
521 8 _a480
_bLexile
521 8 _aJ
_bRaz-Plus
650 1 _aProphecies
_vFiction.
650 1 _aRings
_vFiction.
650 1 _aSchools
_vFiction.
700 _aH.Reynolds, Peter
_qillustrator
942 _2ddc
_cBK
_n0
999 _c6458
_d6458